Vplyv internetu na konkurencieschopnosť podniku bakalárska práca

Salvato in:
Dettagli Bibliografici
Autore principale: Repaský, Matej
Ente Autore: Obchodná fakulta EU. Katedra informatiky obchodných firiem
Altri autori: Hlavatý, Ivan, 1978-
Natura: Libro
Lingua:slovacco
Pubblicazione: Bratislava 2011
Tags: Aggiungi Tag
Nessun Tag, puoi essere il primo ad aggiungerne!!

MARC

LEADER 00000nbm a2200000 4500
001 0132012
005 20161109111426.0
041 0 |a slo 
044 |a SK 
245 1 0 |a Vplyv internetu na konkurencieschopnosť podniku  |b bakalárska práca  |c Matej Repaský ; školiteľ: Ivan Hlavatý 
264 1 |a Bratislava  |c 2011 
300 |a 45 s. 
100 1 |a Repaský, Matej 
700 1 |a Hlavatý, Ivan, 1978- 
710 2 |a Obchodná fakulta EU. Katedra informatiky obchodných firiem